Antwoorden met de letter M - Statistieken

Algemene statistieken
  • Deze quiz is 6 keer genomen
  • De gemiddelde score is 10 van 20
Antwoordstatistieken
Hint Antwoord % Correct
Waar het Prado museum staat Madrid
100%
Tussenpaus voor Vladimir Poetin Dmitry Medvedev
75%
Amerikaanse staat die qua afstand het dichts bij Afrika ligt Maine
75%
Frans voor Vette Dinsdag Mardi Gras
75%
De term sadisme is op hem gebasseerd Markies de Sade
75%
Berg op de Toblerone verpakking Matterhorn
75%
Als een vleermuis uit de hel Meat Loaf
75%
Syndroom waarbij ouders kinderen ziek maken of aandoeningen fingeren Munchhausen by Proxy
75%
Componist van muziek voor Once Upon A Time In The West Ennio Morricone
50%
De naam van dit toneelstuk uitspreken zou ongeluk brengen MacBeth
50%
Schip dat pilgrims naar 'de nieuwe wereld' vervoerde Mayflower
50%
Land met minste inwoners per vierkante kilometer Mongolië
50%
Ceci n’est pas une pipe René Magritte
50%
De engel des doods Josef Mengele
25%
Tweestromenland Mesopotamie
25%
Pessimistische kijk op mensen en de samenleving Misantropie
25%
Voormalig koning van Mali en destijds meest vermogende persoon op aarde Mansa Musa
0%
Boek dat begint met de zin "Noem me Ishmael" Moby Dick
0%
Ski discipline Mogul
0%
Extra slag na een fout bij golfen Mulligan
0%
Geen overeenkomende quizzen gevonden
Scoreverdeling
Procent van Mensen met Elke Score
Percentiel versus Aantal Correcte Antwoorden
Uw Scoregeschiedenis
U heeft deze quiz nog niet genomen